000 03234njm a2200385Ia 4500
001 F0815
003 IT-RoPAU
005 20220918181118.0
008 131025s9999 xx 000 0 und d
040 _aIT-RoPAU
040 _cIT-RoPAU
999 _c99570
_d99570
999 _bn.d.
100 _aAA.VV.
_9794
100 _eAutore musica
_932363
100 _gCodice autore musica SPICS: 12000
_9796
245 _aEin Portrait
250 _a1a ed.
260 _aGERMANY
260 _bTELDEC
_c1965 [1a Ed.:1965 - Ed. Lingua Orig.: 1965]
300 _aDISCO
500 _aMusica classica. Musica lirica.
505 _aSi, mi chiamano Mimì [(tratto da La Boheme) (6:00)] - Donde lieta uscì [(tratto da La Boheme) (4:00)] - Vissi d'arte [(tratto da Tosca.) (4:00)] - Laggiù nel Soledad [(tratto da La fanciulla del west) (3:00)] - Un bel dì vedremo [(tratto da Madame Butterfly) (5:00)] - Con onor muore [(tratto da Madame Butterfly) (6:00)] - Signore ascolta [(tratto da Turandot. (3:00)] - Tu che di gel sei cinta [(tratto da Turandot) (3:00)] - La mamma morta [(tratto da Andrea Chenier) (5:00)] - Io sono l'umile ancella [(tratto da Adriana Lecouvreur) (3:00)] - Poveri fiori [(tratto da Adriana Lecouvreur) (3:00)] - L'altra notte in fondo al mare [(tratto da Mefistofele) (8:00)] - Tu che la vanità [(tratto da Don Carlos) (11:00)] - Ecco l'orrido campo [(tratto da Un ballo in maschera) (15:00)] - Morrò, ma prima in grazia [(tratto da Un ballo in maschera) (5:00)] -[Oh ben s'addice questo torbido cielo (tratto da La pulzella di Orleans) (5:00)] - In questa reggia [(tratto da Turandot) (6:00)] - Suicidio! [(tratto da La Gioconda) (5:00)] - Sogno di Doretta [(tratto da La rondine) (3:00)] - Voi lo sapete o mamma [(tratto da Cavalleria rusticana) (4:00)] - Esser madre è un inferno [(tratto da L'Arlesiana) (5:00)]
511 _aCoro e Orchestra di Santa Cecilia diretta da direttori vari.
511 _aNew Philharmonia Orchestra diretta da De Fabritiis O.
650 _aCLASSICA [DISCHI]
_eCodice MATERIA SPICS: 9950
_91157
700 _aTebaldi Renata
_gCodice interprete SPICS: 43136
_eInterprete
_932364
700 _aPuccini Giacomo
_gCodice autore musica SPICS: 11082
_eAutore musica
_pSi, mi chiamano Mimì - Donde lieta uscì - Vissi d'arte - Laggiù nel Soledad - Un bel dì vedremo - Con onor muore - Signore ascolta - Tu che di gel sei cinta - In questa reggia - Sogno di Doretta
_932365
700 _aGiordano Umberto
_gCodice autore musica SPICS: 13179
_eAutore musica
_pLa mamma morta
_932366
700 _aCilea Francesco
_gCodice autore musica SPICS: 13779
_eAutore musica
_pIo sono l'umile ancella - Poveri fiori - Esser madre è un inferno
_932367
700 _aBoito Arrigo (Gorrio Tobia=16859)
_gCodice autore musica SPICS: 8132
_eAutore musica
_pL'altra notte in fondo al mare
_932368
700 _aVerdi Giuseppe
_gCodice autore musica SPICS: 89
_eAutore musica
_pTu che la vanità - Ecco l'orrido campo - Morrò, ma prima in grazia - Oh ben s'addice questo torbido cielo
_932369
700 _aPonchielli Amilcare
_gCodice autore musica SPICS: 13061
_eAutore musica
_pSuicidio!
_932370
700 _aMascagni Pietro
_gCodice autore musica SPICS: 11012
_eAutore musica
_pVoi lo sapete o mamma
_932371
942 _cMD
_2ddc